000 00254nam a2200109Ia 4500
008 190216s9999||||xx |||||||||||||| ||und||
100 _aAgarwal Ad
245 0 _aOrganisation And Management
260 _bSulthan Chand&Sons
300 _a708p
942 _cBK
999 _c5285
_d5285